[Event "Fokika op"]
[Site "Fokika"]
[Date "2009.09.04"]
[Round "1"]
[White "Georgiadis, Ioannis"]
[Black "Kyriakidis, Alexandros"]
[Result "1-0"]
[WhiteElo "2437"]
[BlackElo "1330"]
[PlyCount "33"]
[EventDate "2009.09.10"]
[EventType "swiss"]
[EventRounds "6"]
[EventCountry "GRE"]
[SourceTitle "EXT 2024"]
[Source "ChessBase"]
[SourceDate "2023.10.10"]
[SourceVersion "1"]
[SourceVersionDate "2023.10.10"]
[SourceQuality "1"]

1. e4 e5 2. Nf3 Nc6 3. Bb5 a6 4. Ba4 b5 5. Bb3 Nf6 6. 0-0 Be7 7. Re1 0-0 8. a4 Bb7 9. Nc3 b4 10. Nd5 Bd6 11. a5 Ne7 12. Nxf6+ gxf6 13. d3 Kg7 14. Nh4 Ng6 15. Nf5+ Kg8 16. Qh5 Re8 17. Re3 1-0